[Event "SLO-ch U12"]
[Site "Rogaska Slatina"]
[Date "2009.02.27"]
[Round "9"]
[White "Krajnc, Matija"]
[Black "Pahor, Kristjan"]
[Result "1-0"]
[WhiteElo "1506"]
[BlackElo "1500"]
[PlyCount "79"]
[EventDate "2009.02.22"]
[EventType "swiss"]
[EventRounds "9"]
[EventCountry "SLO"]
[SourceTitle "CBM 129 Extra"]
[Source "ChessBase"]
[SourceDate "2009.05.05"]
[SourceVersion "2"]
[SourceVersionDate "2009.05.20"]
[SourceQuality "1"]

1. e4 d5 2. exd5 Qxd5 3. Nc3 Qa5 4. d4 c6 5. Bc4 Nf6 6. Nge2 Bf5 7. Bd2 Qd8 8. Ng3 Qxd4 9. Bxf7+ Kxf7 10. Nxf5 Qe5+ 11. Ne3 e6 12. Qf3 Bd6 13. 0-0-0 Qf4 14. Qxf4 Bxf4 15. g3 Bh6 16. Rhg1 Nd5 17. Ncxd5 exd5 18. Rde1 Re8 19. Nf5 Bxd2+ 20. Kxd2 Rxe1 21. Rxe1 b5 22. g4 g6 23. Nd4 a5 24. f4 Ra7 25. f5 Re7 26. fxg6+ hxg6 27. Rf1+ Kg7 28. g5 Re5 29. h4 Re4 30. Nf3 Rf4 31. Ke3 Rf7 32. Rh1 Re7+ 33. Kf2 Re8 34. h5 Rh8 35. h6+ Kh7 36. Re1 Rf8 37. Re7+ Kh8 38. Kg3 Rd8 39. Ne5 Rd6 40. Nf7+ 1-0

[Event "SLO-ch U12"]
[Site "Rogaska Slatina"]
[Date "2009.02.25"]
[Round "6"]
[White "Krajnc, Matija"]
[Black "Stariha, Andraz"]
[Result "1/2-1/2"]
[WhiteElo "1506"]
[BlackElo "1515"]
[PlyCount "108"]
[EventDate "2009.02.22"]
[EventType "swiss"]
[EventRounds "9"]
[EventCountry "SLO"]
[SourceTitle "CBM 129 Extra"]
[Source "ChessBase"]
[SourceDate "2009.05.05"]
[SourceVersion "2"]
[SourceVersionDate "2009.05.20"]
[SourceQuality "1"]

1. e4 e6 2. d4 d5 3. exd5 exd5 4. Nf3 Bd6 5. Be2 Ne7 6. Bg5 f6 7. Bd2 0-0 8. Nc3 Bg4 9. 0-0 Nbc6 10. h3 Bxf3 11. Bxf3 Nxd4 12. Be3 Nxf3+ 13. Qxf3 Qd7 14. Nxd5 Nxd5 15. Qxd5+ Rf7 16. Qxb7 Qc8 17. Qxc8+ Rxc8 18. Bxa7 c5 19. Bb6 Be5 20. Ba5 Bxb2 21. Rab1 Be5 22. Bd2 Rd7 23. Be3 Bd4 24. Rfd1 Rcd8 25. Bxd4 Rxd4 26. Rxd4 Rxd4 27. Rb8+ Kf7 28. Rb7+ Kg6 29. Rc7 Rd1+ 30. Kh2 Ra1 31. Rxc5 Rxa2 32. c4 Ra8 33. Rc7 h5 34. c5 Kh6 35. c6 h4 36. Rd7 g5 37. c7 Rc8 38. Rf7 Kg6 39. Re7 Kh6 40. Kg1 Kg6 41. Kf1 Kf5 42. Ke2 Kf4 43. Kd3 f5 44. Kd4 g4 45. hxg4 fxg4 46. Kd5 h3 47. Rf7+ Kg5 48. gxh3 gxh3 49. Kd6 Rh8 50. Rg7+ Kf6 51. Rg1 Kf5 52. Kd7 Rh7+ 53. Kc8 Rh4 54. Kb7 Rb4+ 1/2-1/2

[Event "SLO-ch U12"]
[Site "Rogaska Slatina"]
[Date "2009.02.22"]
[Round "1"]
[White "Markoja, Sebastijan"]
[Black "Krajnc, Matija"]
[Result "1-0"]
[WhiteElo "1846"]
[BlackElo "1506"]
[PlyCount "61"]
[EventDate "2009.02.22"]
[EventType "swiss"]
[EventRounds "9"]
[EventCountry "SLO"]
[SourceTitle "CBM 129 Extra"]
[Source "ChessBase"]
[SourceDate "2009.05.05"]
[SourceVersion "2"]
[SourceVersionDate "2009.05.20"]
[SourceQuality "1"]

1. e4 e5 2. Nf3 Nc6 3. Bb5 d6 4. d4 Bd7 5. 0-0 Nf6 6. Nc3 a6 7. Bxc6 Bxc6 8. dxe5 dxe5 9. Qxd8+ Rxd8 10. Nxe5 Bd6 11. Nxc6 bxc6 12. e5 Bxe5 13. Re1 Nd7 14. f4 0-0 15. fxe5 Rfe8 16. Bf4 Nc5 17. Rad1 Rb8 18. b3 Re7 19. Ne4 Ne6 20. Bg3 Rbe8 21. Bh4 f6 22. exf6 Rf7 23. fxg7 Kxg7 24. Nc5 Rg8 25. Nxe6+ Kh8 26. Rf1 Rxf1+ 27. Rxf1 Re8 28. Rf8+ Rxf8 29. Nxf8 Kg8 30. Ne6 Kf7 31. Nxc7 1-0

[Event "SLO-ch U10"]
[Site "Postojna"]
[Date "2008.02.25"]
[Round "3"]
[White "Krajnc, Matija"]
[Black "Brcar, Matej"]
[Result "0-1"]
[WhiteElo "1500"]
[BlackElo "1500"]
[PlyCount "62"]
[EventDate "2008.02.24"]
[EventType "swiss"]
[EventRounds "9"]
[EventCountry "SLO"]
[SourceTitle "EXT 2010"]
[Source "ChessBase"]
[SourceDate "2010.11.25"]
[SourceVersion "1"]
[SourceVersionDate "2010.11.25"]
[SourceQuality "1"]

1. e4 d5 2. Nc3 d4 3. Nd5 c6 4. Nf4 e5 5. Nd3 Bd6 6. b3 Nf6 7. f3 Be6 8. g4 Qc7 9. g5 Nh5 10. f4 Nxf4 11. Nxf4 exf4 12. Bb2 Be5 13. Nf3 c5 14. Bb5+ Nd7 15. Nxe5 Qxe5 16. Qf3 Qxg5 17. h4 Bg4 18. Bxd7+ Kxd7 19. hxg5 Bxf3 20. Rf1 Bxe4 21. 0-0-0 f3 22. Rde1 Bc6 23. c3 Rhe8 24. Rxe8 Rxe8 25. cxd4 cxd4 26. Bxd4 h6 27. gxh6 gxh6 28. Bxa7 h5 29. Rh1 f2 30. Rf1 Re1+ 31. Rxe1 fxe1Q+ 0-1

[Event "SLO-ch U10"]
[Site "Postojna"]
[Date "2008.02.25"]
[Round "2"]
[White "Kukec, Anej"]
[Black "Krajnc, Matija"]
[Result "1/2-1/2"]
[WhiteElo "1500"]
[BlackElo "1500"]
[PlyCount "120"]
[EventDate "2008.02.24"]
[EventType "swiss"]
[EventRounds "9"]
[EventCountry "SLO"]
[SourceTitle "EXT 2010"]
[Source "ChessBase"]
[SourceDate "2010.11.25"]
[SourceVersion "1"]
[SourceVersionDate "2010.11.25"]
[SourceQuality "1"]

1. e4 e5 2. Nf3 Nc6 3. Bc4 Nf6 4. d3 Bc5 5. Nc3 a6 6. Ng5 d5 7. exd5 Nd4 8. d6 0-0 9. Be3 cxd6 10. 0-0 Qb6 11. Na4 Qc6 12. b3 b5 13. Bxf7+ Kh8 14. Nc3 h6 15. Bd5 Nxd5 16. Nxd5 Qxd5 17. Qh5 Ne2+ 18. Qxe2 hxg5 19. Bxg5 Bb7 20. Qg4 Bxf2+ 21. Rxf2 Rxf2 22. Kxf2 Rf8+ 23. Ke2 Rf4 24. Bxf4 exf4 25. Qxf4 Qxg2+ 26. Qf2 Bf3+ 27. Ke3 Qg5+ 28. Kxf3 Qf6+ 29. Ke2 Qxa1 30. Qf8+ Kh7 31. Qxd6 Qxa2 32. b4 Qxc2+ 33. Ke3 Qc1+ 34. Kd4 Qg1+ 35. Kd5 Qh1+ 36. Kc5 Qg1+ 37. d4 Qg5+ 38. d5 Qe3+ 39. Kc6 Qc3+ 40. Qc5 Qh3 41. d6 Qc8+ 42. Kb6 Qd8+ 43. Qc7 Qe8 44. d7 Qe3+ 45. Qc5 Qe6+ 46. Kc7 Qf7 47. Qd6 Qc4+ 48. Qc5 Qf4+ 49. Qd6 Qc4+ 50. Kb7 Qe4+ 51. Kxa6 Qa8+ 52. Kxb5 Qb7+ 53. Ka4 Qa7+ 54. Kb3 Qe3+ 55. Ka4 Qa7+ 56. Kb5 Qb7+ 57. Kc5 Qa7+ 58. Kc4 Qa2+ 59. Kb5 Qe2+ 60. Ka4 Qa2+ 1/2-1/2